Gaming in the 2000s - Statistics

General Stats
  • This quiz has been taken 156 times
  • The average score is 8 of 10
Answer Stats
Year Hint Answer % Correct
2001 Premier Xbox shooting game starring Master Chief Halo
95%
2009 Maintain your garden to defend your home from hordes of the undead Plants vs. Zombies
91%
2003 The first instalment of this annual war shooter series Call of Duty
89%
2005 Rhythm game with an instrument-shaped controller Guitar Hero
88%
2000 The single best selling video game console / DVD player ever PlayStation 2
88%
2007 Desmond Miles relives the genetic memory of his ancestor, Altaïr the assassin Assassin's Creed
87%
2006 Sports-based tech demo for the motion controls of Nintendo's newest console Wii Sports
83%
2004 Nintendo handheld that said, "touching is good" Nintendo DS
82%
2002 Disney meets Final Fantasy to seal the darkness with the Keyblade Kingdom Hearts
73%
2008 Join Sackboy to create and share your own levels in the world of dreamers LittleBigPlanet
64%
No matching quizzes found
Score Distribution
Percent of People with Each Score
Percentile by Number Answered
Your Score History
You have not taken this quiz